| 000 -LEADER |
| fixed length control field |
00423nam a2200181Ia 4500 |
| 003 - CONTROL NUMBER IDENTIFIER |
| control field |
MAJU-Karachi |
| 005 - DATE AND TIME OF LATEST TRANSACTION |
| control field |
20220628112435.0 |
| 008 - FIXED-LENGTH DATA ELEMENTS--GENERAL INFORMATION |
| fixed length control field |
190902s9999||||xx |||||||||||||| ||und|| |
| 022 ## - INTERNATIONAL STANDARD SERIAL NUMBER |
| International Standard Serial Number |
9780406016232 |
| 040 ## - CATALOGING SOURCE |
| Transcribing agency |
0 |
| 050 ## - LIBRARY OF CONGRESS CALL NUMBER |
| Classification number |
341 |
| Item number |
6477 |
| 082 ## - DEWEY DECIMAL CLASSIFICATION NUMBER |
| Classification number |
341 |
| Item number |
6477 |
| 100 ## - MAIN ENTRY--PERSONAL NAME |
| Personal name |
I.A. Shearer |
| 245 #0 - TITLE STATEMENT |
| Title |
Starke's International Law |
| 260 ## - PUBLICATION, DISTRIBUTION, ETC. (IMPRINT) |
| Place of publication, distribution, etc |
London |
| Name of publisher, distributor, etc |
The McGraw-Hill |
| Date of publication, distribution, etc |
1994 |
| 300 ## - PHYSICAL DESCRIPTION |
| Extent |
630 |
| 942 ## - ADDED ENTRY ELEMENTS (KOHA) |
| Koha item type |
Books |
| Source of classification or shelving scheme |
|